| 000 | 00525nam a22001937a 4500 | ||
|---|---|---|---|
| 003 | OSt | ||
| 005 | 20161110150206.0 | ||
| 008 | 161110b xxu||||| |||| 00| 0 eng d | ||
| 020 | _a082474098x | ||
| 040 | _cDDC. | ||
| 082 | _a55.282SIM 2003. | ||
| 100 |
_aSimanzhenkov,Vasily;Idem,Raphael; _911275 |
||
| 245 | _aCrude Oil Chemistry. | ||
| 260 |
_aNew York. _bMarcel Dekker,Inc; _c2003. |
||
| 300 |
_aix,409p; _bill; _c22cm |
||
| 504 | _aincludes bibliography and index, | ||
| 650 |
_aChemistry. _9797 |
||
| 942 |
_2ddc _cO_SHELF |
||
| 999 |
_c5391 _d5391 |
||